|
|
|
|
| LEADER |
00000nab a2200000 ar4500 |
| 001 |
vtls009149952 |
| 003 |
SK-MaSNL |
| 005 |
20260426103718.0 |
| 008 |
071015c2007 xo mr|p|||||||000 b|slo |
| 015 |
|
|
|a SNBRB2007/10
|2 snkbucl
|
| 038 |
|
|
|a SNKBUCL
|
| 040 |
|
|
|a SNKBUCL
|b slo
|c SNKBUCL
|e AACR2
|
| 041 |
0 |
|
|a slo
|
| 044 |
|
|
|a xo
|c SK
|
| 080 |
|
|
|a 767:061.5(437.6)
|2 2001
|
| 100 |
1 |
|
|a Hübel, Jozef
|4 aut
|9 268513
|
| 245 |
1 |
0 |
|a Kráľovstvo z papiera
|c Jozef Hübel
|
| 300 |
|
|
|b Fotogr.
|
| 610 |
2 |
7 |
|a Slovak Hygienic Paper Group (Slovensko)
|2 snkbucl
|9 52346
|
| 610 |
2 |
7 |
|a SHP Harmanec (Harmanec, Slovensko)
|2 snkbucl
|9 52343
|
| 650 |
0 |
7 |
|a celulózovo-papierenský priemysel
|2 snkbucl
|9 74945
|
| 651 |
|
7 |
|a Banská Bystrica (Slovensko : okres)
|2 snkbucl
|9 74246
|
| 773 |
0 |
|
|t Revue priemyslu
|g Č. 9 (2007), s. 36-37
|x 1336-9857
|
| 852 |
|
|
|a SNK
|b KIS3GCP
|
| 958 |
|
|
|a SK
|
| 999 |
|
|
|c 3294751
|d 3296681
|